Every Country to win an Olympic Medal: Judo - Statistics

General Stats
  • This quiz has been taken 111 times
    96 since last reset
  • The average score is 36 of 60
Answer Stats
# of Medals Country % Correct
104 Japan
100%
67 France
96%
22 Germany
95%
51 South Korea
94%
16 Russia
92%
23 China
91%
7 Spain
91%
14 USA
91%
18 Italy
87%
4 Portugal
87%
28 Brazil
85%
20 Great Britain
85%
7 Canada
82%
6 Kazakhstan
80%
2 Australia
78%
1 Mexico
76%
12 Mongolia
76%
4 Ukraine
75%
2 Argentina
73%
15 Georgia
73%
2 Turkey
72%
1 Sweden
71%
10 Uzbekistan
71%
8 Poland
70%
14 Belgium
68%
24 Netherlands
68%
2 Egypt
67%
7 Azerbaijan
66%
3 Greece
62%
10 Hungary
61%
8 Austria
59%
8 North Korea
59%
2 Colombia
58%
4 Switzerland
56%
37 Cuba
54%
2 Czech Republic
54%
9 Israel
53%
6 Romania
53%
3 Tajikistan
53%
1 Slovakia
52%
7 Slovenia
51%
2 Algeria
49%
3 Bulgaria
48%
3 Estonia
47%
23 Soviet Union
46%
5 Kosovo
44%
1 Kyrgyzstan
44%
2 Belarus
43%
1 Latvia
42%
2 Moldova
42%
2 Yugoslavia
32%
9 East Germany
25%
1 United Arab Emirates
25%
1 Czechoslovakia
23%
8 West Germany
20%
1 Iceland
18%
1 Chinese Taipei
6%
4 Unified Team
6%
3 Russian Olympic Committee
3%
2 United Team of Germany
1%
No matching quizzes found
Score Distribution
Percent of People with Each Score
Percentile by Number Answered
Your Score History
You have not taken this quiz since the last reset